000 00706nam a22002657a 4500
001 BR8801382
003 BR-BrBNA
005 20230928092847.0
007 ta
008 230509b bl.||||| |||| 00| 0 por d
040 _aBR-BrBNA
_bpor
_cBiblioteca Nacional de Agricultura
041 _a(Por)
072 _aM12
_b8520
090 _ 8520 BR8801382
110 1 _aAssociacao Brasileira dos Criadores de Ras, Sao Paulo, SP (Brasil)
_9345
245 1 _aResumo 3. Manejo fisico e alimentar
260 3 _aSao Paulo, SP (Brasil):
_c1987.
300 _a64 p.
500 _aSummary only
650 _aRA
650 _aMANEJO
650 _aENGORDA
909 _a202309
_bLucia
_c55
_dLucia Elande
942 _cBK
999 _c41623
_d41623